| 000 | 00421nam a2200157 a 4500 | ||
|---|---|---|---|
| 005 | 20140310183257.0 | ||
| 008 | 041110s19uu xx 00 eng d | ||
| 020 | _a0345314425 | ||
| 050 |
_aPS 3554.O469 _b.D3 1884 |
||
| 100 | _aDonaldson, Stephen R. | ||
| 245 |
_aDaughter of regals and other tales/. _cStephen R. Donaldson |
||
| 300 |
_a337 p. : _c21 cm. |
||
| 650 | _aFiction. | ||
| 942 |
_cBK _2lcc |
||
| 999 |
_c20877 _d20877 |
||